Normal view
MARC view
Entry Personal Name
001 - CONTROL NUMBER
- control field: 16902
003 - CONTROL NUMBER IDENTIFIER
- control field: OSt
005 - DATE AND TIME OF LATEST TRANSACTION
- control field: 20211104105616.0
008 - FIXED-LENGTH DATA ELEMENTS
- fixed length control field: 211104|| aca||aabn | a|a d
040 ## - CATALOGING SOURCE
- Original cataloging agency: OSt
- Transcribing agency: OSt
100 ## - HEADING--PERSONAL NAME
- Personal name: MINDY STOMBLER
670 ## - SOURCE DATA FOUND
- Source citation: Work cat.: (OSt)16693: MINDY STOMBLER, SEX MATTERS , 2007